LEADER 01028nam0 2200289 450 001 000024785 005 20090323094249.0 010 $a0678006172 100 $a20090323e19721947km-y0itay50------ba 101 0 $aeng 102 $aUS 105 $ay-------001yy 200 1 $aAgenda for progressive taxation$fby William Vickrey$gwith a new introduction 205 $aRipr. facs. dell'ed.: New York : The Ronald Press Company, 1947 210 $aClifton$cAugustus M. Kelley publishers$d1972 215 $aXI, 496 p.$d22 cm 225 2 $aReprints of economic classics 410 0$12001$aReprints of economic classics 500 10$aAgenda for progressive taxation$943629 610 1 $aImposta progressiva$aStati Uniti 610 1 $aReddito$aProblemi economico-fiscali$aStati Uniti 700 1$aVickrey,$bWilliam Spencer$4070$0240755 801 0$aIT$bUNIPARTHENOPE$c20090319$gRICA$2UNIMARC 912 $a000024785 951 $a323/33$b4267$cNAVA2$d2009 996 $aAgenda for progressive taxation$943629 997 $aUNIPARTHENOPE LEADER 02588nam 2200457z- 450 001 9910275021903321 005 20230221130807.0 035 $a(CKB)4100000004537894 035 $a(oapen)https://directory.doabooks.org/handle/20.500.12854/53127.2 035 $a(EXLCZ)994100000004537894 100 $a20202301d2018 |y 0 101 0 $aspa 135 $aurmn|---annan 181 $ctxt$2rdacontent 182 $cc$2rdamedia 183 $acr$2rdacarrier 200 10$aMemoria y violencia en el siglo XX : Horizontes de un proyecto de investigación 210 $aLa Plata$cUniversidad Nacional de La Plata. Facultad de Humanidades y Ciencias de la Educación$d2018 225 1 $aEstudios / Investigaciones$v65 311 $a950-34-1640-X 330 $aLos capítulos reunidos en esta compilación son producto de las sesiones de trabajo del Proyecto Promocional de Investigación y Desarrollo (SeCyT - UNLP) ?Memoria y violencia en el siglo XX?. Inscripto en las perspectivas de historia reciente y estudios de la memoria, el proyecto busca ampliar los marcos temporales y de actores que han concentrado estos campos de investigación. Durante sus dos años de desarrollo, el equipo de investigación avanzó en una serie de lecturas de formación compartidas y en la elaboración y debate de artículos de producción propia de sus integrantes. Estos trabajos estuvieron orientados a problematizar diversas aristas de la memoria y la violencia en el siglo XX en diálogo con los temas específicos de la formación de posgrado de los investigadores participantes del Proyecto. Así, este libro recupera trayectorias de militancia, violencia y política de más larga data, y se propone analizar cómo una serie diversa de tópicos y actores han desplegado una serie de discursos, representaciones y prácticas en torno al siglo XX. 517 $aMemoria y violencia en el siglo XX 606 $aHistory$2bicssc 606 $a20th century$2bicssc 610 $aAmérica Latina 610 $aConflicto 610 $aDerechos humanos 610 $aViolencia 610 $aJudaísmo 610 $aSiglo XX 610 $aMemoria 610 $aHistoria política 615 7$aHistory 615 7$a20th century 700 $aSantiago Cueto Rúa (Coord.)$4auth$01307444 702 $aLaura Graciela Rodríguez (Coord.)$4auth 702 $aEmmanuel Nicolás Kahan (Coord.)$4auth 906 $aBOOK 912 $a9910275021903321 996 $aMemoria y violencia en el siglo XX : Horizontes de un proyecto de investigación$93028776 997 $aUNINA